000 01013nam a22002417a 4500
001 79309
003 BD-RjUL
005 20220202115418.0
008 191125s2019 bg ||||| |||| 00| 0 ben d
020 _a9847011601267
035 _a(BD-RjUL)79309
040 _aBD-RjUL
_bben
_cBD-RjUL
041 _aben
082 _223
_a954.9205092
_bBAN 2019
245 0 0 _aবঙ্গবন্ধু :
_bজননায়ক থেকে রাষ্ট্রনায়ক /
_cকবীর চৌধুরী সম্পাদিত
250 _aবিশেষ সং.
260 _aঢাকা :
_bঅন্বেষা প্রকাশন,
_c২০১৯
300 _a৫১২ পৃ. :
_bচিত্রসমূহ ;
_c২২ সে.মি.
600 _aমুজিবুর রহমান,
_cশেখ,
_xজীবনী
_d১৯২০-১৯৭৫
_9513
600 _aMujibur Rahman,
_cSheikh,
_xBiography
_d1920-1975
_9514
700 _aচৌধুরী, কবীর
_91075
942 _2ddc
_cBK
999 _c79309
_d79309